ბათუმის შოთა რუსთაველის სახელმწიფო უნივერსიტეტის ბიბლიოთეკა

Sobotta clinical atlas of human anatomy / (ბიბ.ჩანაწერი № 57716)

000 -LEADER
fixed length control field 00628nam a22002057a 4500
005 - DATE AND TIME OF LATEST TRANSACTION
control field 20221105204510.0
008 - FIXED-LENGTH DATA ELEMENTS--GENERAL INFORMATION
fixed length control field 201001s2019 enk||||| |||| 00| 0 eng d
020 ## - INTERNATIONAL STANDARD BOOK NUMBER
International Standard Book Number 9780702052736 1
041 ## - LANGUAGE CODE
Language code of text/sound track or separate title eng
080 ## - UNIVERSAL DECIMAL CLASSIFICATION NUMBER
Universal Decimal Classification number 611(084.4) P-33
100 ## - MAIN ENTRY--PERSONAL NAME
Personal name Paulsen, F.
9 (RLIN) 9589
245 ## - TITLE STATEMENT
Title Sobotta clinical atlas of human anatomy /
Statement of responsibility, etc. F. Paulsen, J. Waschke.
250 ## - EDITION STATEMENT
Edition statement 1st edition
264 ## - PRODUCTION, PUBLICATION, DISTRIBUTION, MANUFACTURE, AND COPYRIGHT NOTICE
Place of production, publication, distribution, manufacture Munich:
Name of producer, publisher, distributor, manufacturer Elsevier,
Date of production, publication, distribution, manufacture, or copyright notice 2019.
300 ## - PHYSICAL DESCRIPTION
Extent 664 p.
Other physical details 30 cm.
653 ## - INDEX TERM--UNCONTROLLED
keyword მედიცინა
653 ## - INDEX TERM--UNCONTROLLED
keyword ადამიანის ანატომია
700 ## - ADDED ENTRY--PERSONAL NAME
Personal name Paulsen, f
Relator term ავტორი
9 (RLIN) 9589
942 ## - ADDED ENTRY ELEMENTS (KOHA)
Source of classification or shelving scheme
Koha item type წიგნი
ეგზემპლარები
Withdrawn status Lost status Source of classification or shelving scheme Damaged status Not for loan Permanent Location Current Location Shelving location Date acquired Cost, normal purchase price Full call number Barcode Date last seen Copy number Price effective from Koha item type Public note
          ბათუმის შოთა რუსთაველის სახელმწიფო უნივერსიტეტის მთავარი ბიბლიოთეკა ბათუმის შოთა რუსთაველის სახელმწიფო უნივერსიტეტის მთავარი ბიბლიოთეკა წიგნსაცავი 2020-10-01 227.11 611(084.4) P-33 61036 2020-10-01 61036 2020-10-01 წიგნი 227 ლ. 11 თ.